MARC

LEADER 00000nab a2200000 a 4500
001 vtls012252130
003 SK-MaSNL
005 20260303213449.0
008 240306c1984 xo 0 slo
015 |a SNBRB19rr/mm-uuuuu 
040 |a SNKBUCL  |b slo  |c SNKBUCL  |e AACR2 
041 0 |a slo 
044 |a xo  |c SK 
245 0 0 |a Slovesná Jar 
500 |a V rubrike Zo života Zväzu slovenských spisovateľov 
611 2 7 |a Slovesná jar  |d (1984 :  |c Martin, Slovensko)  |2 snkbucl  |9 1145933 
650 0 7 |a podujatia  |2 snkbucl  |9 405652 
650 0 7 |a literárne súťaže  |2 snkbucl  |9 4275 
655 7 |a články z novín a časopisov  |2 snkbucl  |9 267496 
655 7 |a články z odboru literárna veda a krásna literatúra  |2 snkbucl  |9 770045 
655 7 |a správy  |2 snkbucl  |9 70563 
773 0 |t Slovenské pohľady  |g Roč. 100, č. 7 (1984), s. 159 
850 |a Slovenská národná knižnica v Martine  |a MTA001 
852 |a SNK  |b KIS3GCP 
954 |a odborná, vedecká literatúra pôvodná (slovenská)  |2 lita 
958 |a BX 
958 |a RK 
958 |a LX 
992 |a RBX 
999 |c 2212213  |d 2214143